000
00321 a2200145 4500
001
155697
040
_c
Escola São Tomás de Aquino
100
_a
REGO, José Lins
240
1
0
_a
José Lins do Rêgo
_l
por
245
1
0
_a
José Lins do Rêgo
300
_a
106
362
0
_a
1982
697
_a
GENERALIDADES
942
_c
BK
999
_c
155697
_d
155697